|
|
|
|
| LEADER |
02343nam a2200505 aa4500 |
| 001 |
000035270 |
| 003 |
CZ BrMZK |
| 005 |
20211214104907.0 |
| 007 |
ta |
| 008 |
990305s1999 xr f cze d |
| 015 |
|
|
|a cnb000739401
|
| 020 |
|
|
|a 80-238-4119-X
|q (1. sv. ;
|q váz.)
|
| 020 |
|
|
|a 80-238-8800-5
|q (2. sv. ;
|q váz.)
|
| 020 |
|
|
|a 80-239-3499-6
|q (3. sv. ;
|q váz.)
|
| 020 |
|
|
|a 978-80-254-0032-6
|q (4. sv. ;
|q váz.)
|
| 035 |
|
|
|a (OCoLC)42820791
|
| 040 |
|
|
|a ABA001
|b cze
|d OLA001
|
| 041 |
0 |
|
|a cze
|a ger
|
| 043 |
|
|
|a e-xr---
|b e-xr-pa
|2 czenas
|
| 072 |
|
7 |
|a 94(437)
|x Dějiny Česka a Slovenska
|2 Konspekt
|9 8
|
| 080 |
|
|
|a 94(437.314)
|2 MRF
|
| 080 |
|
|
|a (048.8)
|2 MRF
|
| 100 |
1 |
|
|a Vorel, Petr,
|d 1963-
|7 jo20000080240
|4 aut
|
| 245 |
1 |
0 |
|a Dějiny města Přelouče /
|c Petr Vorel
|
| 250 |
|
|
|a Vyd. 1.
|
| 260 |
|
|
|a Přelouč :
|b Městský úřad,
|c 1999-
|
| 300 |
|
|
|a ^^^sv. :
|b il., mapy, portréty, plány, faksim., erby ;
|c 22 cm
|
| 500 |
|
|
|a Dostupné též v digitální podobě v aplikaci Kramerius
|
| 504 |
|
|
|a Obsahuje bibliografie, bibliografické odkazy, přehledy pramenů a rejstříky
|
| 505 |
1 |
|
|a díl I. 1086-1618. 1999. 223 s. -- díl II. 1618-1848. 2002. 278 s. -- díl III. 1848-1918 / Jan Tetřev, Hana Vincenciová. 2004. 278 s. -- díl IV. 1918-1989 / Jan Tetřev, Hana Vincenciová. 2007. 365 s. 1000 výt.
|
| 651 |
|
7 |
|a Přelouč (Česko)
|7 ge130571
|x dějiny
|2 czenas
|
| 655 |
|
7 |
|a přehledy
|7 fd133202
|2 czenas
|
| 700 |
1 |
|
|a Tetřev, Jan,
|d 1968-
|7 mzk2005306761
|4 aut
|
| 700 |
1 |
|
|a Vincenciová, Hana,
|d 1959-
|7 xx0004502
|4 aut
|
| 856 |
4 |
1 |
|u http://www.digitalniknihovna.cz/mzk/uuid/uuid:2fb1f450-9508-11ea-830f-005056827e51
|y Digitalizovaný dokument
|x NDK
|
| 910 |
|
|
|a BOA001
|b 2-1062.182
|s 1-4
|
| 920 |
|
|
|a 000792158
|
| 920 |
|
|
|a 000792157
|
| 920 |
|
|
|a 000863749
|
| 990 |
|
|
|a BK
|
| 995 |
|
|
|a 01
|
| 996 |
6 |
|
|b 2610098006
|c 2-1062.182
|d Díl 1.
|v 1
|l MZK
|r Sklad / do 1 hodiny
|n 12
|p p.v.
|w 000035270
|u 000010
|a 1
|e BOA001
|j MZK50
|s P
|
| 996 |
6 |
|
|b 2610260960
|c 2-1062.182
|d Díl 3.
|v 3
|l MZK
|r Sklad / do 1 hodiny
|n 5
|p p.v.
|w 000035270
|u 000030
|a 1
|e BOA001
|j MZK50
|s P
|
| 996 |
6 |
|
|b 2610260961
|c 2-1062.182
|d Díl 2.
|v 2
|l MZK
|r Sklad / do 1 hodiny
|n 7
|p p.v.
|w 000035270
|u 000020
|a 1
|e BOA001
|j MZK50
|s P
|
| 996 |
6 |
|
|b 2610317812
|c 2-1062.182
|d Díl 4.
|v 4
|l MZK
|r Sklad / do 1 hodiny
|n 5
|p p.v.
|w 000035270
|u 000040
|a 1
|e BOA001
|j MZK50
|s P
|